00708cam a22002171 45000010005000000030008000050050017000130080039000300350019000690350019000880400030001070410008001370820022001451000033001672450127002002600044003273000029003714900037004006500030004377400023004676491BD-RjUL20211208234243.0160622s1935 xx 000 0 eng a(BD-RjUL) 6532 a(OCoLC)1353740 aDLCcPPTd(BD-RjUL) beng aeng a892.709bLIW 19351 aLichtenstadter, Ilse,d1907-10aWomen in the Aiyâm al-ʻArab :ba study of female life during warfare in preislamic Arabia / cby Ilse Lichtenstädter. aLondon :bRoyal Asiatic society,c1935. a4 p. l., 90 p. ;c22 cm.0 aPrize publication fund, vol. XIV 0aWomenzArabian Peninsula.0 aAiyâm al-ʻArab.